Central Library OPAC University of Rajshahi

Bioinformatics : (Record no. 36870)

MARC details
000 -LEADER
fixed length control field 00936nam a2200277 a 4500
001 - CONTROL NUMBER
control field 36870
003 - CONTROL NUMBER IDENTIFIER
rucl marc code BD-RjUL
005 - DATE AND TIME OF LATEST TRANSACTION
control field 20211209052543.0
008 - FIXED-LENGTH DATA ELEMENTS--GENERAL INFORMATION
fixed length control field 140921s2003 caua b 001 0 eng
020 ## - INTERNATIONAL STANDARD BOOK NUMBER
International Standard Book Number 155860829X (pbk. : alk. paper)
035 ## - SYSTEM CONTROL NUMBER
System control number (BD-RjUL)
040 ## - CATALOGING SOURCE
Original cataloging agency DLC
Transcribing agency DLC
Modifying agency DLC
Language of cataloging eng
041 ## - LANGUAGE CODE
Language code of text/sound track or separate title eng
082 00 - DEWEY DECIMAL CLASSIFICATION NUMBER
Classification number 570.285
Edition number 21
245 00 - TITLE STATEMENT
Title Bioinformatics :
Remainder of title managing scientific data /
Statement of responsibility, etc. edited by Zoé Lacroix and Terence Critchlow.
260 ## - PUBLICATION, DISTRIBUTION, ETC. (IMPRINT)
Place of publication, distribution, etc. San Francisco, CA :
Name of publisher, distributor, etc. Morgan Kaufmann Publishers,
Date of publication, distribution, etc. c2003 [Reprinted 2005].
300 ## - PHYSICAL DESCRIPTION
Pagination xxi, 441 p. :
Illustrations ill. ;
Size 24 cm.
504 ## - BIBLIOGRAPHY, ETC. NOTE
Bibliography, etc Includes bibliographical references and index.
650 #0 - SUBJECT ADDED ENTRY--TOPICAL TERM
Topical term or geographic name as entry element Bioinformatics.
9 (RLIN) 112506
700 1# - ADDED ENTRY--PERSONAL NAME
Personal name Lacroix, Zoé.
Personal name Critchlow, Terence.
942 ## - ADDED ENTRY ELEMENTS (KOHA)
Source of classification or shelving scheme Dewey Decimal Classification
Koha item type Books
Holdings
Lost status Source of classification or shelving scheme Damaged status Not for loan Permanent Location Current Location Shelving location Date acquired Source of acquisition Total Checkouts Full call number Date last seen Copy number Koha item type
  Dewey Decimal Classification   Not For Loan Institute of Biological Sciences (IBSc) Library Institute of Biological Sciences (IBSc) Library   03/05/2008 Paragon   570.285 BIO 2005 21/09/2014 C-1 Books